LEADER 01053nam0-22003491i-450- 001 990003059820403321 010 $a0-8223-0409-0 035 $a000305982 035 $aFED01000305982 035 $a(Aleph)000305982FED01 035 $a000305982 100 $a20000920d1979----km-y0itay50------ba 101 0 $aeng 102 $aIT 200 1 $aEconomic Imperialism in Theory and Practice$eThe Case of South African Gold Mining Finance 1886-1914$fRobert V. Kubicek. 210 $aDurham$cDuke University Press$d1979. 215 $aXII, 239 p.$d22 cm 225 1 $aDuke University Center for Commonwealth and Comparative Studies$v45 610 0 $aAfrica meridionale 610 0 $aStoria del colonialismo 676 $aE/4.4 676 $aF/1.311 676 $aH/0.1 702 1$aKubicek,$bRobert V. 801 0$aIT$bUNINA$gRICA$2UNIMARC 901 $aBK 912 $a990003059820403321 952 $aF/1311 KUB$b6320$fSES 959 $aSES 996 $aEconomic Imperialism in Theory and Practice$9465273 997 $aUNINA DB $aING01